| 000 | 00714cam a22002057a 4500 | ||
|---|---|---|---|
| 020 | _a9789251056929 | ||
| 020 | _a9251056927 | ||
| 040 | _cUKM | ||
| 082 | 0 | 4 | _a338 FOO 2007 A068 Or. |
| 100 | 1 | _aLanders, John N. | |
| 245 | 1 | 0 |
_aTropical crop-livestock systems in conservation agriculture : _bthe Brazilian experience / |
| 260 |
_aRome : _bFood and Agriculture Organization of the United Nations, _c2007. |
||
| 300 |
_aix, 92 p. : _bill. (chiefly col.), 1 col. map ; _c25 cm. |
||
| 650 | 0 | _aSustainable agriculture | |
| 650 | 0 | _aSustainable agriculture | |
| 650 | 0 | _aForests and forestry | |
| 650 | 0 | _aForests and forestry | |
| 710 | 2 | _aFood and Agriculture Organization of the United Nations. | |
| 942 | _cEK | ||
| 999 |
_c14668 _d14668 |
||